TV Show by Alliterative Characters Quiz Stats

Quiz Updated Aug 27, 2017

Also try: Eponymous TV Shows
Challenge
Share
Tweet
Score 0/24 Timer 07:00
0 Plays Today
% Correct
Breaking Bad
97.9%
Game of Thrones
97.2%
Glee
87.6%
Mad Men
85.3%
American Dad!
82%
Bewitched
81.3%
The Walking Dead
80.9%
I Love Lucy
74.7%
The Office
73.2%
Arrested Development
66.8%
True Blood
57%
Downton Abbey
56.9%
% Correct
Prison Break
54.6%
Girls
54.2%
Freaks and Geeks
54.2%
3rd Rock from the Sun
53.4%
Heroes
47.5%
Daredevil
47.1%
Westworld
37%
American Horror Story : Coven
33.1%
Criminal Minds
32.7%
Hot in Cleveland
25.5%
Teen Wolf
23.9%
One Tree Hill
15.1%

You're not logged in!

Compare scores with friends on all Sporcle quizzes.
Sign Up with Email
OR
Log In

You Might Also Like...

Show Comments

Extras

Top Quizzes Today


Score Distribution

Your Account Isn't Verified!

In order to create a playlist on Sporcle, you need to verify the email address you used during registration. Go to your Sporcle Settings to finish the process.